PGNiG Superliga - Statystyki

Ogólne statystyki
  • Ten quiz został rozwiązany 44 razy
  • Średni wynik to 9 z 14
Statystyki odpowiedzi
Hint Odpowiedź % Poprawnych
1 Łomża Vive Kielce
100%
2 Orlen Wisła Płock
100%
4 Górnik Zabrze
81%
11 MKS Zagłębie Lubin
70%
3 Azoty Puławy
67%
7 MMTS Kwidzyn
63%
14 Sandra SPA Pogoń Szczecin
63%
13 Stal Mielec
63%
6 Piotrkowianin Piotrków Trybunalski
56%
9 Torus Wybrzeże Gdańsk
56%
12 Chrobry Głogów
52%
10 Grupa Azoty Unia Tarnów
44%
5 Gwardia Opole
41%
8 Energa MKS Kalisz
30%
Nie znaleziono quizów pasujących do podanych kryteriów
Rozkład punktacji
Procent ludzi z każdym wynikiem
Percentyl według liczby udzielonych odpowiedzi
Twoja historia wyników
Nie rozwiązałeś tego quizu